000 01140nmm a2200277 a 4500
003 AR-BaBNM
005 20251128203754.0
008 011101s1971 ||||||||||||||000 | spa||
040 _cAR-BaBNM
100 1 _aEspich, James E.
245 1 0 _aCómo preparar temas con instrucción programada
_bmanual para programadores
260 _aBuenos Aires
_bLibrería de las Naciones
_bCentro Regional de Ayuda Técnica. Agencia para el Desarrollo Internacional
_c1971
300 1 _aix, 153 p.
_bdiagr.
500 0 _aContiene apéndice e índice temático
500 1 _aEsta publicación ha sido preparada conjuntamente por la editorial y el Centro Regional de Ayuda Técnica, Agencia para el Desarrollo Internacional AID, Departamento de Estado del Gobierno de los Estados Unidos de América. El Centro es una organización dedi
650 4 _aENSENANZA PROGRAMADA
650 4 _aMETODOS DE ENSENANZA
650 4 _aPROCESO DE APRENDIZAJE
650 4 _aTECNOLOGIA EDUCATIVA
650 4 _aCONDUCTISMO
650 4 _aCONTENIDO DEL PROGRAMA
700 1 _aWilliams, Bill
700 1 _aKohen, Luisa
_etraductor
942 _cBK
998 _cSILVI
999 _c4882
_d4882